000 00579nam a2200205Ia 4500
005 20241216011228.0
008 190429s9999||||xx |||||||||||||| ||und||
082 _a597.8
_bV78
100 _aVIZA PUCLLAS GERMAN
245 0 _aESTUDIO BROMATOLOGICO DE LA CARNE DEL TELMATOBIUS SP HUANCHAS
250 _a0
260 _aCERRO DE PASCO-PERU
_bUNDAC
_c2001
300 _a46 pag.
_c30 cm.
341 _h0
490 _v0
_a0
505 _aMATERIALES/METODOS/RESULTADOS/DISCUSION/
541 _aD
_bVIZA PUCLLAS, GERMAN
_d28-Sep-04
_oSoles
650 _aZootecnia
942 _cTESIS
999 _c36139
_d36139